MARC

LEADER 00000nlm0a2200000 4500
001 646368
005 20231215093429.0
029 1 0 |a RU  |b 2330338  |c Пат.  |d МПК G 21 C 7/00 
035 |a (RuTPU)RU\TPU\network\11504 
035 |a RU\TPU\network\11486 
039 0 |a RU  |b 2006131103/06  |c 20060829 
090 |a 646368 
100 |a 20160226j20080727k y0rusy50 ca 
101 0 |a rus 
102 |a RU 
105 |a a k 000zy 
135 |a drgn ---uucaa 
181 0 |a i  
182 0 |a b 
200 1 |a Устройство аварийной защиты ядерного реактора  |f А. Г. Артельный [и др.]  |g Сибирский химический комбинат (СХК) 
203 |a Текст  |c электронный 
300 |a опубл. 27.07.08 
330 |a Изобретение относится к атомной энергетике и направлено на повышение внутренней самозащищенности и безопасности канальных ядерных реакторов. 
610 1 |a патенты 
610 1 |a труды учёных ТПУ 
610 1 |a электронный ресурс 
610 1 |a изобретения 
610 1 |a аварийная защита 
610 1 |a ядерные реакторы 
610 1 |a атомная энергетика 
610 1 |a безопасность 
701 1 |a Артельный  |b А. Г.  |g Александр Григорьевич 
701 1 |a Артельный  |b Ю. А.  |g Юрий Александрович 
701 1 |a Гаврилов  |b П. М.  |c специалист в области атомной энергетики  |c профессор Томского политехнического университета, доктор технических наук  |f 1960-  |g Петр Михайлович  |3 (RuTPU)RU\TPU\pers\27697  |9 12771 
701 1 |a Иванов  |b В. А.  |g Вячеслав Александрович 
701 1 |a Кохомский  |b А. Г.  |g Александр Георгиевич 
701 1 |a Цыганов  |b А. Г.  |g Александр Александрович 
701 1 |a Чуканов  |b В. Б.  |g Виктор Борисович 
712 0 2 |a Сибирский химический комбинат (СХК)  |c Федеральное государственное унитарное предприятие  |c (Северск)  |3 (RuTPU)RU\TPU\col\111 
801 1 |a RU  |b 63413507  |c 20120201 
801 2 |a RU  |b 63413507  |c 20160229  |g RCR 
856 4 |u http://www.fips.ru/Archive/PAT/2008FULL/2008.07.27/DOC/RUNWC2/000/000/002/330/338/document.pdf 
942 |c CF